| 000 | 02017cam a22003255a 4500 | ||
|---|---|---|---|
| 001 | 18293266 | ||
| 005 | 20171024104814.0 | ||
| 008 | 140903t2016 moua frb 001 0 eng d | ||
| 010 | _a 2014035140 | ||
| 020 | _a9780323321907 (pbk. : alk. paper) | ||
| 040 |
_aDNLM/DLC _beng _cDLC _dDLC _dEG-ScBUE |
||
| 082 | 0 | 4 |
_a615.1 _bBUR _222 |
| 100 | 1 | _aBurchum, Jacqueline Rosenjack. | |
| 245 | 1 | 0 |
_aLehne's pharmacology for nursing care / _cJacqueline Rosenjack Burchum, Laura D. Rosenthal. |
| 246 | 3 | 0 | _aPharmacology for nursing care |
| 250 | _a9th ed. | ||
| 260 |
_aLouis : _bSounders / ElSevier, _cc.2016. |
||
| 300 |
_ax, 1414 p. : _bcol. ill. ; _c28 cm. |
||
| 500 | _aPreceded by Pharmacology for nursing care / Richard A. Lehne ; in consultation with Linda A. Moore, Leanna J. Crosby, Diane B. Hamilton. 8th ed. c2013. | ||
| 504 | _aIncludes bibliographical references and index. | ||
| 505 | 0 | _aUnit I: Introduction -- Unit II: Basic principles of pharmacology -- Unit III: Drug therapy across the life span -- Unit IV: Peripheral nervous system drugs -- Unit V: Central nervous system drugs -- Unit VI: Drugs that affect fluid and electrolyte balance -- Unit VII: Drugs that affect the heart, blood vessels, and blood -- Unit VIII: Drugs for endocrine disorders -- Unit IX: Women's health -- Unit X: Men's health -- Unit XI: Antiinflammatory, antiallergic, and immunologic drugs -- Unit XII: Drugs for bone and joint disorders -- Unit XIII: Respiratory tract drugs -- Unit XIV: Gastrointestinal drugs -- Unit XV: Nutrition -- Unit XVI: Chemotherapy of infectious diseases -- Unit XVII: Chemotherapy of parasitic diseases -- Unit XVIII: Cancer chemotherapy -- Unit XIX: Miscellaneous drugs and therapies -- Unit XX: Toxicology. | |
| 650 | 7 |
_aPharmacology. _2BUEsh |
|
| 650 | 7 |
_aNursing. _2BUEsh |
|
| 651 | _2BUEsh | ||
| 653 |
_bNNUR _cOctober2017 |
||
| 655 |
_vText book _933728 |
||
| 700 | 1 | _aRosenthal, Laura D. | |
| 700 | 1 |
_aLehne, Richard A., _d1943- _tPharmacology for nursing care. |
|
| 942 | _2ddc | ||
| 999 |
_c25498 _d25470 |
||